V Japonsku našli štát a podniky spoločnú reč - a oplatilo sa

Charakteristika podniku Toyota. Význam keiretsu. Podpora malého a stredného podnikania. Výhody hierarchickej priemyselnej štruktúry. Jednoznačná orientácia na trh. Súlad medzi cieľmi štátu a podnikateľov. Zmeny v 90. rokoch.

Na minha lista:
Detalhes bibliográficos
Autor principal: Strelecký, J.
Formato: Capítulo de Livro
Idioma:eslovaco
Assuntos:
Tags: Adicionar Tag
Sem tags, seja o primeiro a adicionar uma tag!

MARC

LEADER 00000naa a2200000 4500
001 r019559
005 20230921074406.0
041 0 |a slo 
044 |a SK 
245 1 0 |a V Japonsku našli štát a podniky spoločnú reč - a oplatilo sa  |c J. Strelecký 
520 |a Charakteristika podniku Toyota. Význam keiretsu. Podpora malého a stredného podnikania. Výhody hierarchickej priemyselnej štruktúry. Jednoznačná orientácia na trh. Súlad medzi cieľmi štátu a podnikateľov. Zmeny v 90. rokoch. 
610 2 0 |a Japonsko 
610 2 0 |a vývoj hospodársky 
610 2 0 |a podnik veľký 
610 2 0 |a podnik stredný 
610 2 0 |a podnik malý 
610 2 0 |a podpora podnikania 
610 2 0 |a hospodárstvo trhové 
610 2 0 |a Toyota 
610 2 0 |a keiretsu 
100 1 |a Strelecký, J.